00967nam a2200253 4500001000700000003000900007005001700016008004100033020002200074080001900096100003500115245008700150260004000237300005100277490002100328586003800349700002400387700002800411830004300439852006100482942002000543999001900563952013100582178896ES-MaACL20240129115655.0110729s2010 sp af |||| |dcat d a978-84-322-1280-2 a821.361-31"20"1 aUribe Urbieta, Kirmen.911216510aBilbao-New York-Bilbao / cKirmen Uribe ; traducción del euskera por Ana Arregi. aBarcelona : bSeix Barral, c[2010] a207 p., [1] h. pleg. de lám. col. ; c23 cm.1 aBiblioteca breve aPremio Nacional de Narrativa 20091 aArregi, Ana.9232431 aArteta, Aurelio.9234560 aBiblioteca breve (Seix Barral)9227188 aES-MaACLjA-113929185762bR.145870cDEPO1dOlim: N-4396 2udccMONOGRAFIA c178896d178896 00102udc4070aATENEOMbATENEOMcDEPO1d2011-07-29eCOMPRAl0oA-11392p1187917r2023-02-23 00:00:00w2023-02-23yMONOGRAFIA